| 000 | 00747nam a2200205 i 4500 | ||
|---|---|---|---|
| 001 | 150838 | ||
| 003 | ES-MaACL | ||
| 005 | 20230911063142.0 | ||
| 007 | t| | ||
| 008 | 071114s1944 sp ||||1| spa d | ||
| 100 | 1 |
_aBullón y Fernández, Eloy, _cMarqués de Selva Alegre, _d1879-1957 _932523 |
|
| 245 | 1 | 4 |
_aLas relaciones de España con Portugal : _blecciones del pasado y orientaciones del porvenir / _cpor Eloy Bullón. |
| 260 |
_a[S.l. : _bs.n.], _c1944. |
||
| 300 |
_aP. 467-493 ; _c24 cm. |
||
| 595 | _aSeparata de: Estudios geográficos, año V, n. 16. | ||
| 651 | 4 |
_aEspaña- _xRelaciones- _zPortugal. _98476 |
|
| 651 | 4 |
_aPortugal- _xRelaciones- _zEspaña. _99269 |
|
| 852 |
_aES-MaACL _j1902-F-16 |
||
| 999 |
_c150838 _d150838 |
||